Calendario-guía docente-administrativo para el año 1929, de precisa consulta para toda clase de estudios, con las novísimas disposiciones sobre los mismos, desde el ingreso en el bachillerato y escuelas especiales, estudios de facultad y de preparación para oposiciones en general. (Record no. 38282)

MARC details
000 -LEADER
campo de control de longitud fija 00739nam a2200181 i 4500
001 - NÚMERO DE CONTROL
campo de control 38282
003 - IDENTIFICADOR DE NÚMERO DE CONTROL
campo de control ES-MaACL
005 - FECHA Y HORA DE LA ÚLTIMA TRANSACCIÓN
campo de control 20240305180121.0
007 - CAMPO FIJO DE DESCRIPCIÓN FÍSICA--INFORMACIÓN GENERAL
campo de control de longitud fija t|
008 - DATOS DE LONGITUD FIJA--INFORMACIÓN GENERAL
campo de control de longitud fija 030225s1929 sp |||| | spa d
245 00 - MENCIÓN DEL TÍTULO
Título Calendario-guía docente-administrativo para el año 1929, de precisa consulta para toda clase de estudios, con las novísimas disposiciones sobre los mismos, desde el ingreso en el bachillerato y escuelas especiales, estudios de facultad y de preparación para oposiciones en general.
260 ## - PUBLICACIÓN, DISTRIBUCIÓN, ETC.
Lugar de publicación, distribución, etc. Madrid :
Nombre del editor, distribuidor, etc. La Enseñanza,
Fecha de publicación, distribución, etc. 1929.
300 ## - DESCRIPCIÓN FÍSICA
Extensión 96 p. ;
Dimensiones 19 cm.
650 #7 - PUNTO DE ACCESO ADICIONAL DE MATERIA--TÉRMINO DE MATERIA
Término de materia o nombre geográfico como elemento de entrada Enseñanza-
Subdivisión geográfica España-
Subdivisión cronológica S.XX
Fuente del encabezamiento o término
9 (RLIN) 139558
852 ## - LOCALIZACIÓN
Ubicación ES-MaACL
Número de control de estantería B-3360
852 ## - LOCALIZACIÓN
Ubicación ES-MaACL
Número de control de estantería 1739-F-1
Holdings
Estatus retirado Estado de pérdida Estado de daño No para préstamo Colección Biblioteca de origen Biblioteca actual Ubicación en estantería Fecha de adquisición Fuente de adquisición Total de préstamos Signatura topográfica completa Código de barras Visto por última vez Precio de reemplazo Tipo de ítem Koha
        Colección de folletos Biblioteca del Ateneo de Madrid Biblioteca del Ateneo de Madrid Depósito folletos 09/05/2017     1739-F-1 1197551 23/02/2023 23/02/2023 Folleto
          Biblioteca del Ateneo de Madrid Biblioteca del Ateneo de Madrid Sala Pardo Bazán 17/01/2008     B-3360 1040298 23/02/2023 23/02/2023 Libro impreso